Cursos de análisis matématico para ingenieros / (Record no. 122660)

MARC details
000 -LEADER
campo de control de longitud fija 00998nam a2200229 i 4500
001 - NÚMERO DE CONTROL
campo de control 122660
003 - IDENTIFICADOR DE NÚMERO DE CONTROL
campo de control ES-MaACL
005 - FECHA Y HORA DE LA ÚLTIMA TRANSACCIÓN
campo de control 20251114063115.0
007 - CAMPO FIJO DE DESCRIPCIÓN FÍSICA--INFORMACIÓN GENERAL
campo de control de longitud fija t|
008 - DATOS DE LONGITUD FIJA--INFORMACIÓN GENERAL
campo de control de longitud fija 070214m19491950sp r ||||1| spa d
100 1# - ENTRADA PRINCIPAL--NOMBRE DE PERSONA
Nombre de persona Puig Adam, Pedro,
Fechas asociadas al nombre 1900-1960
9 (RLIN) 94247
245 10 - MENCIÓN DEL TÍTULO
Título Cursos de análisis matématico para ingenieros /
Mención de responsabilidad, etc. Pedro Puig Adam.
250 ## - MENCION DE EDICION
Mención de edición 1ª. ed.
260 ## - PUBLICACIÓN, DISTRIBUCIÓN, ETC.
Lugar de publicación, distribución, etc. Madrid :
Nombre del editor, distribuidor, etc. [s.n.],
Fecha de publicación, distribución, etc. 1949-1950 (
Fabricante Nuevas Gráfs.)
300 ## - DESCRIPCIÓN FÍSICA
Extensión 2 t. :
Otras características físicas il. ;
Dimensiones 25 cm.
505 8# - NOTA DE CONTENIDO CON FORMATO
Nota de contenido con formato Contiene: Tomo I. Curso teórico práctico de cálculo integral aplicado a la física y técnica. Tomo II. Curso teórico práctico de ecuaciones diferenciales aplicado a la física y técnica
650 04 - PUNTO DE ACCESO ADICIONAL DE MATERIA--TÉRMINO DE MATERIA
Término de materia o nombre geográfico como elemento de entrada Cálculo integral.
9 (RLIN) 10672
740 0# - ENTRADA AGREGADA--TÍTULO RELACIONADO/ANALÍTICO NO CONTROLADO
Título relacionado o analítico no controlado Curso teórico práctico de cálculo integral aplicado a la física y técnica.
740 0# - ENTRADA AGREGADA--TÍTULO RELACIONADO/ANALÍTICO NO CONTROLADO
Título relacionado o analítico no controlado Curso teórico práctico de ecuaciones diferenciales aplicado a la física y técnica.
852 ## - LOCALIZACIÓN
Ubicación ES-MaACL
Número de control de estantería D-7136-37
Sublocalización o colección R.29872
Holdings
Estatus retirado Estado de pérdida Estado de daño No para préstamo Biblioteca de origen Biblioteca actual Ubicación en estantería Fecha de adquisición Fuente de adquisición Total de préstamos Signatura topográfica completa Código de barras Visto por última vez Precio de reemplazo Tipo de ítem Koha
        Biblioteca del Ateneo de Madrid Biblioteca del Ateneo de Madrid Sala Valle Inclán 17/01/2008     D-7136-37 901127813 23/02/2023 23/02/2023 Libro impreso